[Event "Collado Villalba 2015 Torneo B"]
[Site "Collado Villalba (ESP)"]
[Date "2015.08.24"]
[Round "3.34"]
[White "Gonzalez Garcia, Soraya"]
[Black "Lancharro Perez, Francisco"]
[Result "0-1"]
[WhiteElo "1526"]
[BlackElo "1166"]
[PlyCount "114"]
[EventDate "2015.08.22"]
[EventType "swiss"]
[EventRounds "9"]
[EventCountry "ESP"]
[Source "lmi"]
[SourceDate "2015.08.22"]

1. e4 e5 2. Nf3 Nc6 3. Bb5 a6 4. Bxc6 dxc6 5. d3 Nf6 6. Nxe5 Bd6 7. Nf3 O-O 8.
O-O Re8 9. Re1 Bg4 10. Nbd2 Qd7 11. Nc4 Bc5 12. Be3 Bd6 13. Bd4 Nh5 14. Ne3 Be6
15. e5 Be7 16. Bc3 b5 17. Nd4 Nf4 18. Nxe6 Qxe6 19. Qg4 Ng6 20. Qxe6 fxe6 21.
d4 b4 22. Bd2 c5 23. c3 Rad8 24. Nc2 Rb8 25. Rab1 Nh4 26. Ne3 cxd4 27. cxd4
Red8 28. Nc2 Nf5 29. Re4 c5 30. Be3 b3 31. axb3 Rxb3 32. dxc5 Rxb2 33. Rb4 Rxc2
34. Rb8 Rxb8 35. Rxb8+ Kf7 36. Rc8 Nxe3 37. fxe3 Bxc5 38. Rc7+ Kg6 39. Rd7
Bxe3+ 40. Kf1 Rf2+ 41. Ke1 Rxg2 42. Rd6 Kf5 43. Rxa6 Kxe5 44. h4 Kf4 45. Rxe6
Kf3 46. Kd1 Rd2+ 47. Ke1 Rb2 48. Kd1 Kf2 49. Rd6 h6 50. h5 Rb5 51. Rg6 Rg5 52.
Ra6 Rxh5 53. Ra2+ Kf1 54. Ra1 Rh2 55. Ra2 Rd2+ 56. Rxd2 Bxd2 57. Kxd2 Kf2 0-1

[Event "Collado Villalba 2015 Torneo B"]
[Site "Collado Villalba (ESP)"]
[Date "2015.08.24"]
[Round "3.36"]
[White "Lancharro Delgado, Miguel"]
[Black "Perez Ramos, Miguel Angel"]
[Result "1/2-1/2"]
[WhiteElo "1247"]
[BlackElo "1358"]
[PlyCount "139"]
[EventDate "2015.08.22"]
[EventType "swiss"]
[EventRounds "9"]
[EventCountry "ESP"]
[Source "lmi"]
[SourceDate "2015.08.22"]

1. e4 e5 2. Nf3 Nc6 3. Bc4 Nf6 4. d3 d6 5. Be3 h6 6. h3 d5 7. exd5 Nxd5 8. Bxd5
Qxd5 9. Nc3 Bb4 10. O-O Bxc3 11. bxc3 Bf5 12. Re1 f6 13. c4 Qd7 14. d4 O-O-O
15. c3 Be4 16. d5 Bxf3 17. Qxf3 Na5 18. Qe4 Qa4 19. Qg4+ Rd7 20. Bxa7 Nxc4 21.
Be3 c6 22. Red1 Kc7 23. dxc6 Qxc6 24. Rxd7+ Qxd7 25. Qxc4+ Qc6 26. Qxc6+ Kxc6
27. a4 Ra8 28. c4 Ra6 29. a5 e4 30. Bb6 f5 31. Kf1 g5 32. Ke2 h5 33. Ke3 Kd6
34. Rd1+ Kc6 35. Rd5 Ra8 36. Rxf5 Kd6 37. Rxg5 h4 38. Kxe4 Rc8 39. c5+ Kc6 40.
Rg6+ Kb5 41. Kd5 Ka6 42. Kd6 Rc6+ 43. Ke5 Rxg6 44. g3 hxg3 45. fxg3 Rxg3 46. h4
Rh3 47. Bd8 Re3+ 48. Kd4 Re1 49. Kc3 Kb5 50. Kd2 Re5 51. Kc3 Rxc5+ 52. Kd4 Kc6
53. Ke4 Rc4+ 54. Kf5 Kd7 55. Bb6 Rxh4 56. Ke5 Rh5+ 57. Kd4 Kd6 58. Kc4 Re5 59.
Kd4 Re8 60. Bc5+ Kc6 61. Bb6 Re6 62. Kc4 Re5 63. Kd4 Rd5+ 64. Kc4 Rd1 65. Kc3
Kb5 66. Kc2 Rd7 67. Kb3 Rd5 68. Ka3 Rd3+ 69. Kb2 Kc4 70. Kc2 1/2-1/2

[Event "Collado Villalba 2015 Torneo B"]
[Site "Collado Villalba (ESP)"]
[Date "2015.08.25"]
[Round "4.1"]
[White "Barranco Martinez, Gabriel"]
[Black "Sanz Toledano, Alfonso"]
[Result "0-1"]
[WhiteElo "1784"]
[BlackElo "1796"]
[PlyCount "68"]
[EventDate "2015.08.22"]
[EventType "swiss"]
[EventRounds "9"]
[EventCountry "ESP"]
[Source "lmi"]
[SourceDate "2015.08.22"]

1. d4 d5 2. c4 Nc6 3. e3 e5 4. dxe5 d4 5. Nf3 Bb4+ 6. Bd2 dxe3 7. fxe3 Bg4 8.
a3 Bxd2+ 9. Nbxd2 Nxe5 10. Qa4+ Nc6 11. Ne5 Qg5 12. Nxg4 Qxg4 13. Nf3 Nge7 14.
Qc2 O-O 15. Bd3 Qh5 16. O-O Rfe8 17. Nd4 Ne5 18. Be2 Qh6 19. Qe4 N7c6 20. Qf4
Qxf4 21. Rxf4 Rad8 22. Raf1 Nxd4 23. exd4 Ng6 24. Rxf7 Rxe2 25. d5 c6 26. Rc7
cxd5 27. cxd5 Rxb2 28. d6 Nf8 29. Rff7 Rxd6 30. Rxg7+ Kh8 31. h3 Rg6 32. Rxb7
Rbxg2+ 33. Kf1 Rxg7 34. Rxg7 Rxg7 0-1

[Event "Collado Villalba 2015 Torneo B"]
[Site "Collado Villalba (ESP)"]
[Date "2015.08.25"]
[Round "4.2"]
[White "Herrero Corada, Jose Ignacio"]
[Black "Liceras Ruiz, Manuel"]
[Result "1/2-1/2"]
[WhiteElo "1792"]
[BlackElo "1782"]
[PlyCount "113"]
[EventDate "2015.08.22"]
[EventType "swiss"]
[EventRounds "9"]
[EventCountry "ESP"]
[Source "lmi"]
[SourceDate "2015.08.22"]

1. e4 c5 2. d4 cxd4 3. Nf3 Nf6 4. e5 Nd5 5. c3 d6 6. c4 Nb6 7. exd6 Qxd6 8.
Qxd4 Qxd4 9. Nxd4 a6 10. Be3 e5 11. Nb5 axb5 12. Bxb6 bxc4 13. Bxc4 Bb4+ 14.
Nc3 O-O 15. Rc1 Nd7 16. Be3 Nf6 17. a3 Ba5 18. O-O Bd7 19. Nd5 Rfe8 20. Nb6
Bxb6 21. Bxb6 Bc6 22. Rfd1 h6 23. f3 Nd7 24. Bf2 Nf6 25. Rc3 Rad8 26. Rcd3 Rxd3
27. Bxd3 e4 28. fxe4 Nxe4 29. Bb6 Nf6 30. Bc4 Nd7 31. Bd4 Kf8 32. b3 Re4 33. a4
Ne5 34. Bb6 Nxc4 35. bxc4 Rxc4 36. a5 Rc2 37. Bf2 Ra2 38. Bc5+ Kg8 39. Bf2 Rxa5
40. Kf1 Ra2 41. h4 Rb2 42. g3 Be4 43. Re1 Rb1 44. Rxb1 Bxb1 45. Bb6 f5 46. Kf2
Kf7 47. Ke3 g5 48. hxg5 hxg5 49. Kf3 Be4+ 50. Ke3 Bc6 51. Bd8 Kg6 52. Bb6 Kh5
53. Bc7 Kg6 54. Bb6 Kf7 55. Bd8 g4 56. Kf4 Be4 57. Bb6 1/2-1/2

[Event "Collado Villalba 2015 Torneo B"]
[Site "Collado Villalba (ESP)"]
[Date "2015.08.25"]
[Round "4.3"]
[White "Andrade Sandoval, Jim Carlos"]
[Black "Calvo De Castro, Miguel"]
[Result "1-0"]
[WhiteElo "1824"]
[BlackElo "1725"]
[PlyCount "39"]
[EventDate "2015.08.22"]
[EventType "swiss"]
[EventRounds "9"]
[EventCountry "ESP"]
[Source "lmi"]
[SourceDate "2015.08.22"]

1. d4 Nf6 2. Bf4 g6 3. Nf3 Bg7 4. e3 d6 5. Be2 O-O 6. O-O c5 7. c3 Nh5 8. Bg3
f5 9. dxc5 Nxg3 10. hxg3 dxc5 11. Qb3+ e6 12. Nbd2 Qe7 13. Nc4 Nc6 14. Rad1 Kh8
15. Nd6 e5 16. Qd5 e4 17. Nh2 Rd8 18. Bc4 Ne5 19. Qxc5 Bf8 20. Qxe5+ 1-0

[Event "Collado Villalba 2015 Torneo B"]
[Site "Collado Villalba (ESP)"]
[Date "2015.08.25"]
[Round "4.4"]
[White "Soto Martin, Miguel"]
[Black "Fernandez Martinez, Luis"]
[Result "1-0"]
[WhiteElo "1716"]
[BlackElo "1944"]
[PlyCount "67"]
[EventDate "2015.08.22"]
[EventType "swiss"]
[EventRounds "9"]
[EventCountry "ESP"]
[Source "lmi"]
[SourceDate "2015.08.22"]

1. d4 f5 2. g3 Nf6 3. Bg2 d5 4. Nh3 Nbd7 5. Nf4 Nb6 6. O-O c6 7. Nd2 g6 8. Nf3
Bh6 9. Nd3 Bxc1 10. Qxc1 O-O 11. Nfe5 Nbd7 12. h4 Nxe5 13. Nxe5 Be6 14. Bf3 Bf7
15. Qh6 Qe8 16. Kg2 Kh8 17. Rh1 Rg8 18. Qg5 h5 19. Qh6+ Nh7 20. e3 Rg7 21. Be2
Rd8 22. b4 Rd6 23. a4 g5 24. Nxf7+ Qxf7 25. Qxh5 Qxh5 26. Bxh5 g4 27. c4 Nf6
28. c5 Rd8 29. b5 Nxh5 30. Rhb1 e6 31. a5 Rdd7 32. a6 Nf6 33. b6 axb6 34. a7
1-0

[Event "Collado Villalba 2015 Torneo B"]
[Site "Collado Villalba (ESP)"]
[Date "2015.08.25"]
[Round "4.5"]
[White "Reyes Penas, Sebastian"]
[Black "Guerrero Gonzalez, Francisco"]
[Result "0-1"]
[WhiteElo "1675"]
[BlackElo "1753"]
[PlyCount "136"]
[EventDate "2015.08.22"]
[EventType "swiss"]
[EventRounds "9"]
[EventCountry "ESP"]
[Source "lmi"]
[SourceDate "2015.08.22"]

1. e4 d5 2. exd5 Qxd5 3. Nc3 Qa5 4. d4 Nf6 5. Bd2 Qb6 6. Nf3 Bg4 7. Bc4 e6 8.
O-O c6 9. Be3 Qxb2 10. Na4 Qb4 11. Bb3 Be7 12. a3 Qa5 13. h3 Bh5 14. Re1 O-O
15. c4 Re8 16. Bd2 Bxf3 17. Bxa5 Bxd1 18. Raxd1 Nbd7 19. Bb4 Bxb4 20. axb4 a5
21. b5 cxb5 22. cxb5 b6 23. Rc1 Rac8 24. Rc6 Rxc6 25. bxc6 Nb8 26. Nxb6 Nxc6
27. d5 Nd4 28. Ba4 Rb8 29. dxe6 Nxe6 30. Nd7 Nxd7 31. Bxd7 Nc5 32. Bf5 Kf8 33.
Kf1 Ra8 34. Ra1 g6 35. Bc2 Ke7 36. Ke2 Kd6 37. Kd2 Kd5 38. Kc3 Ne4+ 39. Bxe4+
Kxe4 40. Ra4+ Ke5 41. g3 g5 42. Kd3 f5 43. Ke3 h5 44. f3 Kd5 45. Kd3 Kc5 46.
Kc3 Kb5 47. Rd4 Rc8+ 48. Kb3 Rc5 49. h4 f4 50. gxf4 gxh4 51. f5 Rxf5 52. Rxh4
Rxf3+ 53. Kb2 Rf5 54. Kb3 Kc5 55. Ka4 Kd6 56. Kb3 Ke5 57. Kc3 Kf6 58. Kd3 Kg5
59. Ra4 h4 60. Ke3 h3 61. Ra2 Kg4 62. Ke4 Rf4+ 63. Ke3 a4 64. Ra1 h2 65. Rh1
Kg3 66. Ra1 Rf3+ 67. Ke4 a3 68. Rc1 Kg2 0-1

[Event "Collado Villalba 2015 Torneo B"]
[Site "Collado Villalba (ESP)"]
[Date "2015.08.25"]
[Round "4.6"]
[White "Minguela Munoz, Bienvenido"]
[Black "Greciano Reiskila, Miguel C"]
[Result "0-1"]
[WhiteElo "1732"]
[BlackElo "1925"]
[PlyCount "138"]
[EventDate "2015.08.22"]
[EventType "swiss"]
[EventRounds "9"]
[EventCountry "ESP"]
[Source "lmi"]
[SourceDate "2015.08.22"]

1. d4 Nf6 2. c4 g6 3. Nc3 d5 4. cxd5 Nxd5 5. Nf3 Bg7 6. Bd2 Bf5 7. Qb3 Nb6 8.
e4 Bg4 9. Be3 Bxf3 10. gxf3 O-O 11. e5 N8d7 12. Ne4 c6 13. e6 Nf6 14. Ng5 Qd5
15. exf7+ Kh8 16. Qxd5 Nfxd5 17. Bd3 h6 18. h4 Nxe3 19. fxe3 Bf6 20. Ke2 Kg7
21. Ne6+ Kxf7 22. Nxf8 Rxf8 23. Rag1 Rg8 24. h5 g5 25. Bg6+ Ke6 26. Rc1 Kd6 27.
Kd3 Rd8 28. Rhd1 Nd5 29. Bf7 e6 30. a3 Bg7 31. Bg6 Kc7 32. Ke2 e5 33. dxe5 Bxe5
34. Rc2 Bxb2 35. Rxd5 Rxd5 36. Rxb2 Rc5 37. Rd2 Rc3 38. Bf5 Rxa3 39. Rd7+ Kb6
40. Rh7 a5 41. Rxh6 a4 42. Rd6 Ra2+ 43. Rd2 Ra1 44. h6 Rh1 45. h7 a3 46. Kd3
Ka5 47. Rg2 b5 48. Kd4 b4 49. Kc5 b3 50. Rxg5 a2 51. Rg1 Rxg1 52. h8=Q Rc1+ 53.
Kd6 a1=Q 54. Qa8+ Kb4 55. Qxa1 Rxa1 56. Kxc6 b2 57. Kd5 Rd1+ 58. Ke5 b1=Q 59.
Bxb1 Rxb1 60. f4 Kc5 61. f5 Kc6 62. e4 Kd7 63. Kf6 Ke8 64. e5 Rb6+ 65. Kg7 Ke7
66. f6+ Ke6 67. Kg8 Rb7 68. Kf8 Kxe5 69. f7 Ke6 0-1

[Event "Collado Villalba 2015 Torneo B"]
[Site "Collado Villalba (ESP)"]
[Date "2015.08.25"]
[Round "4.7"]
[White "Dominguez Coig, Alvaro"]
[Black "Fernandez Garcia, Ignacio"]
[Result "0-1"]
[WhiteElo "1684"]
[BlackElo "1870"]
[PlyCount "74"]
[EventDate "2015.08.22"]
[EventType "swiss"]
[EventRounds "9"]
[EventCountry "ESP"]
[Source "lmi"]
[SourceDate "2015.08.22"]

1. e4 d6 2. d4 g6 3. Be3 Nf6 4. Nc3 Bg7 5. Qd2 h6 6. h3 c6 7. Nf3 b5 8. Bd3 a5
9. e5 b4 10. exf6 bxc3 11. bxc3 exf6 12. Rb1 Na6 13. O-O g5 14. Rfe1 O-O 15. a3
f5 16. Qc1 Nc7 17. c4 d5 18. c3 f6 19. Qc2 Qd7 20. cxd5 Nxd5 21. Bd2 Ne7 22.
Bc4+ Nd5 23. Bd3 Kh8 24. c4 Ne7 25. Qa4 g4 26. hxg4 fxg4 27. Nh4 Qxd4 28. Rxe7
Qxd3 29. Rd1 Qh7 30. Bf4 Bf5 31. Rxg7 Kxg7 32. Qxc6 Kh8 33. Nxf5 Qxf5 34. Bxh6
Rad8 35. Rxd8 Rxd8 36. Qc7 Rd1+ 37. Kh2 Qh5+ 0-1

[Event "Collado Villalba 2015 Torneo B"]
[Site "Collado Villalba (ESP)"]
[Date "2015.08.25"]
[Round "4.8"]
[White "Tarrio Ocana, Jose Manuel"]
[Black "Leniz Martinez, Francisco"]
[Result "1/2-1/2"]
[WhiteElo "1852"]
[BlackElo "1689"]
[PlyCount "94"]
[EventDate "2015.08.22"]
[EventType "swiss"]
[EventRounds "9"]
[EventCountry "ESP"]
[Source "lmi"]
[SourceDate "2015.08.22"]

1. e4 c5 2. Nc3 e6 3. Nf3 a6 4. a4 Qc7 5. d4 cxd4 6. Nxd4 Nf6 7. Bd3 Be7 8. O-O
O-O 9. Re1 d6 10. f4 e5 11. Nf5 Bxf5 12. exf5 Nbd7 13. Qf3 Rfe8 14. g4 Nc5 15.
g5 Nxd3 16. cxd3 Nd7 17. Nd5 Qc8 18. Bd2 Bd8 19. Rac1 Qb8 20. a5 b6 21. Qg2 Kh8
22. Re3 Rg8 23. Kh1 g6 24. f6 bxa5 25. Rh3 Nf8 26. Ne7 Bb6 27. Rc8 Qxc8 28.
Nxc8 Rxc8 29. Qb7 Rc2 30. Qxb6 Rxd2 31. Qxa5 Rxb2 32. fxe5 Ne6 33. Rg3 Rb5 34.
Qxa6 Rxe5 35. Qxd6 Re2 36. Qd7 Rf8 37. d4 Rd2 38. d5 Rd1+ 39. Rg1 Rxg1+ 40.
Kxg1 Nxg5 41. Qg4 h6 42. d6 Ne6 43. Qb4 Rd8 44. Qd2 Kh7 45. d7 Nf8 46. Qd6 Kg8
47. Qd2 Kh7 1/2-1/2

[Event "Collado Villalba 2015 Torneo B"]
[Site "Collado Villalba (ESP)"]
[Date "2015.08.25"]
[Round "4.9"]
[White "Andrade Sandoval, Bianca"]
[Black "Medrano Del Val, Julio"]
[Result "1-0"]
[WhiteElo "1705"]
[BlackElo "1825"]
[PlyCount "55"]
[EventDate "2015.08.22"]
[EventType "swiss"]
[EventRounds "9"]
[EventCountry "ESP"]
[Source "lmi"]
[SourceDate "2015.08.22"]

1. d4 Nf6 2. Nf3 c5 3. e3 g6 4. c4 Bg7 5. Nc3 cxd4 6. exd4 d6 7. Be2 b6 8. b3
a6 9. Bb2 Bb7 10. Qc2 Nbd7 11. d5 Rc8 12. Rd1 b5 13. Ne4 O-O 14. Nxf6+ exf6 15.
O-O bxc4 16. bxc4 Ne5 17. Rfe1 Re8 18. h3 Qa5 19. Bc3 Qc5 20. Bd4 Nxf3+ 21.
gxf3 Qxd5 22. Bxf6 Rxe2 23. Qxe2 Qxf3 24. Qxf3 Bxf3 25. Rxd6 a5 26. Rd8+ Rxd8
27. Bxd8 Bc3 28. Re3 1-0

[Event "Collado Villalba 2015 Torneo B"]
[Site "Collado Villalba (ESP)"]
[Date "2015.08.25"]
[Round "4.10"]
[White "Garcia Lopez, Fernando"]
[Black "Aragon Gutierrez, Alejandro"]
[Result "0-1"]
[WhiteElo "1646"]
[BlackElo "1806"]
[PlyCount "80"]
[EventDate "2015.08.22"]
[EventType "swiss"]
[EventRounds "9"]
[EventCountry "ESP"]
[Source "lmi"]
[SourceDate "2015.08.22"]

1. e4 e5 2. Nf3 Nc6 3. Bb5 a6 4. Ba4 Nf6 5. O-O Be7 6. Re1 b5 7. Bb3 d6 8. d3
O-O 9. a4 b4 10. Nbd2 Bg4 11. c3 Qd7 12. Nf1 Rfb8 13. Bc2 h6 14. Ne3 Bf8 15.
Nxg4 Qxg4 16. h3 Qd7 17. d4 exd4 18. cxd4 a5 19. b3 g6 20. Bb2 Re8 21. e5 Nh5
22. e6 Qe7 23. d5 Nd8 24. exf7+ Qxf7 25. Rxe8 Qxe8 26. Qd3 Nf4 27. Qd2 Qf7 28.
Be4 Nb7 29. Rd1 Nc5 30. Qc2 Re8 31. Nd2 Bg7 32. Bxg7 Kxg7 33. Qc4 Re5 34. f3
Nxd5 35. Nf1 Nc3 36. Qxf7+ Kxf7 37. Re1 Nxb3 38. Ng3 Kf6 39. Kf2 Nc5 40. Bc6
Nd3+ 0-1

[Event "Collado Villalba 2015 Torneo B"]
[Site "Collado Villalba (ESP)"]
[Date "2015.08.25"]
[Round "4.11"]
[White "Alvarez Gonzalez, Eduardo"]
[Black "De Dompablo Fantova, Juan"]
[Result "1-0"]
[WhiteElo "1805"]
[BlackElo "1712"]
[PlyCount "97"]
[EventDate "2015.08.22"]
[EventType "swiss"]
[EventRounds "9"]
[EventCountry "ESP"]
[Source "lmi"]
[SourceDate "2015.08.22"]

1. d4 Nf6 2. Nf3 g6 3. c4 Bg7 4. Nc3 O-O 5. e4 d6 6. Be2 e5 7. O-O Nc6 8. d5
Ne7 9. Nd2 Nd7 10. b4 a5 11. bxa5 Rxa5 12. Nb3 Ra8 13. Be3 b6 14. a4 f5 15. f3
f4 16. Bf2 g5 17. a5 bxa5 18. c5 Nf6 19. Rxa5 Rxa5 20. Nxa5 h5 21. Qb3 g4 22.
cxd6 cxd6 23. Bb6 Qe8 24. Bc7 gxf3 25. Bxf3 Bg4 26. Bxd6 Bxf3 27. Rxf3 Ng4 28.
Nc6 Nxc6 29. dxc6+ Kh7 30. Bxf8 Qxf8 31. Na4 Qe7 32. h3 Ne3 33. Rxe3 fxe3 34.
Qxe3 Qb4 35. Nc3 Bf8 36. Qf3 Qc5+ 37. Kh2 Qxc6 38. Qxh5+ Kg8 39. Nd5 Qh6 40.
Qxh6 Bxh6 41. Kg3 Bc1 42. Kg4 Kh7 43. Kf5 Bb2 44. g4 Kg7 45. h4 Kh7 46. g5 Kg7
47. h5 Bc1 48. Nb6 Bf4 49. Nd7 1-0

[Event "Collado Villalba 2015 Torneo B"]
[Site "Collado Villalba (ESP)"]
[Date "2015.08.25"]
[Round "4.12"]
[White "Rodriguez Del Moral, Angel"]
[Black "Garcia Castineira, Ivan"]
[Result "1/2-1/2"]
[WhiteElo "1797"]
[BlackElo "1688"]
[PlyCount "52"]
[EventDate "2015.08.22"]
[EventType "swiss"]
[EventRounds "9"]
[EventCountry "ESP"]
[Source "lmi"]
[SourceDate "2015.08.22"]

1. Nf3 d5 2. d4 e6 3. Bf4 c6 4. Nbd2 Nf6 5. e3 Nbd7 6. h3 Qa5 7. Bd3 Ne4 8. O-O
f5 9. Nb3 Qd8 10. Ne5 Nxe5 11. Bxe5 Qg5 12. Bf4 Qg6 13. Be2 Nf6 14. Nd2 Be7 15.
Nf3 h5 16. c4 Qh7 17. Ng5 Qg6 18. Rc1 Ne4 19. Nf3 Qh7 20. Bh2 g5 21. Ne5 g4 22.
f3 gxf3 23. Bxf3 Bg5 24. Qe2 h4 25. Bxe4 dxe4 26. Bf4 Rg8 1/2-1/2

[Event "Collado Villalba 2015 Torneo B"]
[Site "Collado Villalba (ESP)"]
[Date "2015.08.25"]
[Round "4.13"]
[White "Rubio Recio, Fernando"]
[Black "Sancho Castiello, Federico"]
[Result "0-1"]
[WhiteElo "1471"]
[BlackElo "1790"]
[PlyCount "94"]
[EventDate "2015.08.22"]
[EventType "swiss"]
[EventRounds "9"]
[EventCountry "ESP"]
[Source "lmi"]
[SourceDate "2015.08.22"]

1. d4 Nf6 2. c4 e6 3. Nc3 Bb4 4. Qc2 c5 5. a3 Bxc3+ 6. bxc3 Qa5 7. Bd2 b6 8. e4
Bb7 9. Bd3 d6 10. Ne2 Nbd7 11. O-O e5 12. f4 O-O 13. fxe5 dxe5 14. d5 Ne8 15.
Ng3 g6 16. Bh6 Ng7 17. Qb2 f6 18. Rf2 Rf7 19. Raf1 Ne8 20. Qb3 Nd6 21. Be2 Ba6
22. Rf3 b5 23. cxb5 Bxb5 24. Bxb5 Qxb5 25. Qxb5 Nxb5 26. a4 Nd6 27. Rb1 Rb8 28.
Ra1 Rb3 29. c4 Rb4 30. Rc3 Nb6 31. Be3 Rc7 32. Bf2 Nbxc4 33. a5 a6 34. Rac1 Kf7
35. Ne2 Ra4 36. R3c2 Nxa5 37. Rxc5 Rxc5 38. Rxc5 Ra1+ 39. Nc1 Nac4 40. Rc7+ Ke8
41. h3 Rxc1+ 42. Kh2 Rc2 43. Bc5 Nxe4 44. d6 Nxc5 45. Rxc5 Kd7 46. Rc7+ Kxd6
47. Rxh7 Ne3 0-1

[Event "Collado Villalba 2015 Torneo B"]
[Site "Collado Villalba (ESP)"]
[Date "2015.08.25"]
[Round "4.14"]
[White "Tronch Ilzarbe, Carlos Maria"]
[Black "Perez Bruni, Alfredo"]
[Result "0-1"]
[WhiteElo "1761"]
[BlackElo "1688"]
[PlyCount "71"]
[EventDate "2015.08.22"]
[EventType "swiss"]
[EventRounds "9"]
[EventCountry "ESP"]
[Source "lmi"]
[SourceDate "2015.08.22"]

1. d4 Nf6 2. Bf4 g6 3. e3 Bg7 4. c3 O-O 5. Be2 d6 6. h3 c5 7. Nf3 a6 8. a4 Nc6
9. Nbd2 cxd4 10. exd4 Qb6 11. Nc4 Qd8 12. O-O Na5 13. Ne3 Nc6 14. Qc2 Bd7 15.
Rfd1 Rc8 16. Qb3 Na5 17. Qa3 d5 18. b4 Nc4 19. Nxc4 dxc4 20. Nd2 b5 21. axb5
axb5 22. Bf3 Bc6 23. Bxc6 Rxc6 24. Qa7 Nd5 25. Bh2 Nxc3 26. Re1 e6 27. Nf3 Qb6
28. Qe7 Nd5 29. Qh4 f6 30. Qg4 Nxb4 31. d5 exd5 32. Nd4 f5 33. Qg5 Qxd4 34. Qe7
Nd3 35. Ra7 Qxf2+ 36. Kh1 0-1

[Event "Collado Villalba 2015 Torneo B"]
[Site "Collado Villalba (ESP)"]
[Date "2015.08.25"]
[Round "4.15"]
[White "Mkrtchyan, Levon"]
[Black "Martinez Pintor, Juan"]
[Result "1-0"]
[WhiteElo "1746"]
[BlackElo "1684"]
[PlyCount "97"]
[EventDate "2015.08.22"]
[EventType "swiss"]
[EventRounds "9"]
[EventCountry "ESP"]
[Source "lmi"]
[SourceDate "2015.08.22"]

1. e4 e6 2. d4 d5 3. Nc3 dxe4 4. Nxe4 Bd7 5. Nf3 Bc6 6. Bd3 Nd7 7. c3 Ngf6 8.
Bg5 Be7 9. Bxf6 Nxf6 10. Qe2 O-O 11. Nxf6+ Bxf6 12. Be4 Bxe4 13. Qxe4 Qd5 14.
Qxd5 exd5 15. Kd2 Rfe8 16. Rhe1 Kf8 17. Kd3 Rad8 18. b3 Rd7 19. Re3 Rxe3+ 20.
fxe3 Ke7 21. Re1 Kd6 22. e4 dxe4+ 23. Rxe4 Re7 24. c4 g6 25. g4 h6 26. Rxe7
Kxe7 27. Ke4 Ke6 28. Ne1 Be7 29. d5+ Kf6 30. Nf3 Bd6 31. h3 Ba3 32. Nd4 a6 33.
Nc2 Bd6 34. Ne1 Ba3 35. Nd3 Be7 36. c5 Kg5 37. b4 h5 38. Ne5 f5+ 39. gxf5 gxf5+
40. Kf3 h4 41. Nc4 f4 42. d6 cxd6 43. cxd6 Bd8 44. d7 Kf6 45. Nd6 b5 46. Nb7
Ke7 47. Nxd8 Kxd8 48. Kxf4 Kxd7 49. Kg4 1-0

[Event "Collado Villalba 2015 Torneo B"]
[Site "Collado Villalba (ESP)"]
[Date "2015.08.25"]
[Round "4.17"]
[White "Fernandez Rios, Jose Francisco"]
[Black "Guillo Longares, Cecilia"]
[Result "1-0"]
[WhiteElo "1782"]
[BlackElo "1674"]
[PlyCount "99"]
[EventDate "2015.08.22"]
[EventType "swiss"]
[EventRounds "9"]
[EventCountry "ESP"]
[Source "lmi"]
[SourceDate "2015.08.22"]

1. d4 Nf6 2. c4 c5 3. d5 e6 4. Nc3 exd5 5. cxd5 d6 6. Bf4 g6 7. e4 a6 8. a4 Bg7
9. Be2 O-O 10. Nf3 Bg4 11. Nd2 Bxe2 12. Qxe2 Nh5 13. Be3 Nd7 14. O-O Rb8 15.
Rfb1 Qc7 16. Nc4 b5 17. axb5 axb5 18. Na5 c4 19. Nc6 Rb7 20. Ra5 Nb8 21. Nxb5
Qd7 22. Qxc4 Kh8 23. Ra7 Rxa7 24. Nbxa7 Qb7 25. Qb4 Qc7 26. Qb6 Qxb6 27. Bxb6
Nxc6 28. dxc6 Nf6 29. c7 Nd7 30. c8=Q Rxc8 31. Nxc8 Be5 32. Bc7 Nc5 33. Bxd6
Nd3 34. Bxe5+ Nxe5 35. b4 Kg8 36. Ne7+ Kf8 37. Nd5 h6 38. b5 Ke8 39. b6 Nc6 40.
Rc1 Kd7 41. b7 Nb8 42. Rc8 Nc6 43. Rxc6 Kxc6 44. b8=Q Kd7 45. Qb7+ Kd6 46. f4
Kc5 47. Qb4+ Kc6 48. Qb6+ Kd7 49. Qc7+ Ke6 50. Qe7# 1-0

[Event "Collado Villalba 2015 Torneo B"]
[Site "Collado Villalba (ESP)"]
[Date "2015.08.25"]
[Round "4.18"]
[White "Romero Fite, Miguel"]
[Black "Picazo Sancho, Alvaro"]
[Result "0-1"]
[WhiteElo "1733"]
[BlackElo "1610"]
[PlyCount "38"]
[EventDate "2015.08.22"]
[EventType "swiss"]
[EventRounds "9"]
[EventCountry "ESP"]
[Source "lmi"]
[SourceDate "2015.08.22"]

1. e4 c5 2. Nf3 e6 3. d4 cxd4 4. Nxd4 Nc6 5. Nc3 Qc7 6. Be3 a6 7. Qd2 Nf6 8.
O-O-O Bb4 9. f3 Ne5 10. Nb3 b5 11. Qe1 Nc4 12. Bg5 h6 13. Bxf6 Qf4+ 14. Kb1
Qxf6 15. Bxc4 bxc4 16. Nd4 Rb8 17. a3 Bxa3 18. Ndb5 Rxb5 19. e5 Rxb2+ 0-1

[Event "Collado Villalba 2015 Torneo B"]
[Site "Collado Villalba (ESP)"]
[Date "2015.08.25"]
[Round "4.19"]
[White "Suarez Prieto, Leopoldo"]
[Black "Fernandez Martinez, Jose"]
[Result "1-0"]
[WhiteElo "1646"]
[BlackElo "1701"]
[PlyCount "73"]
[EventDate "2015.08.22"]
[EventType "swiss"]
[EventRounds "9"]
[EventCountry "ESP"]
[Source "lmi"]
[SourceDate "2015.08.22"]

1. e4 e5 2. Bc4 Nf6 3. f4 Nc6 4. a3 d6 5. f5 Nxe4 6. d3 Nf6 7. g4 h6 8. c3 Be7
9. Be3 O-O 10. Nh3 Na5 11. Ba2 c5 12. Qf3 Bd7 13. Qg3 Nh7 14. Bf2 Nc6 15. Nd2
Nb8 16. Rg1 Bc6 17. Ne4 Nd7 18. g5 Bxe4 19. dxe4 Nxg5 20. Nxg5 Bxg5 21. h4 Bf6
22. Qg6 Kh8 23. Bxf7 Qe7 24. Bd5 Rab8 25. O-O-O b5 26. Rg2 a5 27. Rdg1 b4 28.
Be3 Qe8 29. Qg4 bxa3 30. bxa3 Qd8 31. Qd1 Qb6 32. Ba2 Qc6 33. Bd5 Qc7 34. Rg6
Nb6 35. Ba2 Qc6 36. Bxh6 Qa4 37. Bxg7+ 1-0

[Event "Collado Villalba 2015 Torneo B"]
[Site "Collado Villalba (ESP)"]
[Date "2015.08.25"]
[Round "4.20"]
[White "Merino Conrado, Ricardo"]
[Black "Jimenez Jimenez, Darfo"]
[Result "0-1"]
[WhiteElo "1468"]
[BlackElo "1686"]
[PlyCount "66"]
[EventDate "2015.08.22"]
[EventType "swiss"]
[EventRounds "9"]
[EventCountry "ESP"]
[Source "lmi"]
[SourceDate "2015.08.22"]

1. Nf3 g6 2. d4 Bg7 3. e3 d6 4. Bc4 a6 5. O-O e6 6. a3 Ne7 7. c3 O-O 8. Nbd2
Nd7 9. Ba2 b5 10. Ne4 Bb7 11. Ng3 c5 12. Bd2 e5 13. dxe5 Bxf3 14. Qxf3 Nxe5 15.
Qe2 d5 16. f4 Nc4 17. Be1 f5 18. Rd1 Qb6 19. Bf2 Rad8 20. b4 Bxc3 21. Rd3 cxb4
22. e4 d4 23. Rfd1 fxe4 24. Qxe4 Qf6 25. Ne2 Nc6 26. Nxd4 Bxd4 27. Bxd4 Nxd4
28. Rxd4 Rxd4 29. Rxd4 Kh8 30. axb4 Nd6 31. Qe5 Qxe5 32. fxe5 Nf5 33. Rd7 Ne3
0-1

[Event "Collado Villalba 2015 Torneo B"]
[Site "Collado Villalba (ESP)"]
[Date "2015.08.25"]
[Round "4.21"]
[White "Rodriguez Bachiller, Luis"]
[Black "Picazo Sancho, Carolina"]
[Result "1/2-1/2"]
[WhiteElo "1685"]
[BlackElo "1413"]
[PlyCount "70"]
[EventDate "2015.08.22"]
[EventType "swiss"]
[EventRounds "9"]
[EventCountry "ESP"]
[Source "lmi"]
[SourceDate "2015.08.22"]

1. e4 c5 2. c3 Nc6 3. d4 cxd4 4. cxd4 e6 5. Nc3 d6 6. Nf3 Nf6 7. Bd3 h6 8. O-O
Be7 9. Re1 a6 10. a3 Qc7 11. h3 b5 12. d5 Ne5 13. Nxe5 dxe5 14. Be3 O-O 15. Rc1
Qd7 16. Bb1 Bb7 17. f3 Rfd8 18. dxe6 Qxe6 19. Qe2 Rac8 20. Ba2 Qc6 21. Nd5 Qe8
22. Nxe7+ Qxe7 23. Red1 Rxd1+ 24. Qxd1 Rxc1 25. Qxc1 Nh5 26. Qc5 Qxc5 27. Bxc5
Nf4 28. Bb1 Ne6 29. Be3 Kf8 30. Kf2 Ke7 31. Ke2 Kd6 32. Ba2 a5 33. Kd3 Ba6 34.
b4 axb4 35. axb4 Bc8 1/2-1/2